000 00458nam a2200205Ia 4500
008 240510s9999 xx 000 0 und d
020 _a0000136382967
041 _aEng
082 _a519.8
082 _bS13
100 _aSAGE A.P. , WHITE C.C.
245 0 _aOPTIMUM SYSTEMS CONTROL
250 _a2nd ed.
260 _bNEW JERSEY : PRINTICE HALL
260 _c1977
300 _a413 p.
650 _aSTATISTICS
942 _2ddc
942 _cLBK
999 _c24782
_d24782
945 _a1
_bMadushi Gamage
_c1
_dMadushi Gamage